000
00286nam a22001337a 4500
008
170210b xxu||||| |||| 00| 0 eng d
020
_a
9781603016452
041
_a
eng
080
_a
61
100
_a
4
101
_a
SHM
245
_a
ISSUES AND LIFE SCIENCE
_c
NAGLE
942
_2
udc
_c
BK
999
_c
5073
_d
5073